| 000 | 00000nam 2200000zi 4500 |
| 001 | 9.899035 |
| 003 | CaOODSP |
| 005 | 20240726160624 |
| 006 | m o d f |
| 007 | cr |n||||||||| |
| 008 | 210422e198812 oncd ob f000 0|eng d |
| 040 | |aCaOODSP|beng|erda|cCaOODSP |
| 043 | |an-cn--- |
| 086 | 1 |aCo22-479/1988E-PDF |
| 245 | 00|aHuman resources management function evaluation : |bsurvey of employees, Spring 1988 : final report. |
| 264 | 1|a[Ottawa] : |bGovernment of Canada, Department of Communications = Gouvernement du Canada, Ministère des communications, |cDecember 1988. |
| 300 | |a1 online resource (vi, 59 pages) : |bgraphs |
| 336 | |atext|btxt|2rdacontent |
| 337 | |acomputer|bc|2rdamedia |
| 338 | |aonline resource|bcr|2rdacarrier |
| 500 | |aDigitized edition from print [produced by Innovation, Science and Economic Development Canada]. |
| 500 | |aIssued also in French under the title: Évaluation de la fonction de gestion des ressources humaines : sondage des employés, printemps 1988 : rapport final. |
| 504 | |aIncludes bibliographical references (page 59). |
| 610 | 10|aCanada. |bDepartment of Communications|xPersonnel management|xEvaluation. |
| 650 | 0|aCivil service|zCanada|xPersonnel management|xEvaluation. |
| 710 | 1 |aCanada. |bDepartment of Communications, |eissuing body. |
| 775 | 08|tÉvaluation de la fonction de gestion des ressources humaines : |w(CaOODSP)9.941178 |
| 856 | 40|qPDF|s3.31 MB|uhttps://publications.gc.ca/collections/collection_2024/isde-ised/co22/Co22-479-1988-eng.pdf |